World capitals from west to east - Statistics

General Stats
  • This quiz has been taken 241 times
    234 since last reset
  • The average score is 130 of 199
Answers on the Map
Answers color-coded by a green-red scale on the quiz's map according to % correct below.
 
Answer Stats
Longitude Capital % Correct
-171.8 Apia
95%
-175.2 Nuku'alofa
95%
-99.1 Mexico City
90%
3.0 Algiers
86%
4.9 Amsterdam
86%
1.5 Andorra la Vella
86%
-57.6 Asuncion
86%
-88.8 Belmopan
86%
7.4 Bern
86%
-15.6 Bissau
86%
-74.1 Bogota
86%
-47.9 Brasilia
86%
-59.6 Bridgetown
86%
4.4 Brussels
86%
-58.4 Buenos Aires
86%
-66.9 Caracas
86%
-13.6 Conakry
86%
-17.4 Dakar
86%
-6.3 Dublin
86%
-58.2 Georgetown
86%
-90.5 Guatemala City
86%
-82.3 Havana
86%
-76.8 Kingston
86%
-68.1 La Paz
86%
-77.0 Lima
86%
-9.1 Lisbon
86%
-0.1 London
86%
6.1 Luxembourg
86%
-3.7 Madrid
86%
-86.2 Managua
86%
7.4 Monaco
86%
-56.2 Montevideo
86%
-77.4 Nassau
86%
-16.0 Nouakchott
86%
10.8 Oslo
86%
-75.7 Ottawa
86%
-79.4 Panama City
86%
-55.2 Paramaribo
86%
2.4 Paris
86%
-72.3 Port au Prince
86%
-61.5 Port of Spain
86%
-78.5 Quito
86%
-6.8 Rabat
86%
-21.8 Reykjavik
86%
-61.7 Saint George's
86%
-61.8 Saint John's
86%
-84.1 San Jose
86%
-89.2 San Salvador
86%
-70.7 Santiago
86%
-69.9 Santo Domingo
86%
-65.3 Sucre
86%
-87.2 Tegucigalpa
86%
10.2 Tunis
86%
9.5 Vaduz
86%
-77.0 Washington D.C.
86%
7.4 Abuja
81%
-0.2 Accra
81%
23.7 Athens
81%
-8.0 Bamako
81%
-16.6 Banjul
81%
-62.7 Basseterre
81%
20.4 Belgrade
81%
13.4 Berlin
81%
17.1 Bratislava
81%
26.1 Bucharest
81%
19.0 Budapest
81%
-61.0 Castries
81%
12.6 Copenhagen
81%
-13.2 Freetown
81%
24.9 Helsinki
81%
-61.2 Kingstown
81%
9.5 Libreville
81%
14.5 Ljubljana
81%
1.2 Lome
81%
8.7 Malabo
81%
27.6 Minsk
81%
-10.8 Monrovia
81%
2.1 Niamey
81%
-1.5 Ouagadougou
81%
19.3 Podgorica
81%
2.6 Porto Novo
81%
14.4 Prague
81%
-23.5 Praia
81%
21.2 Pristina
81%
24.1 Riga
81%
12.5 Rome
81%
-61.4 Roseau
81%
12.4 San Marino
81%
6.7 Sao Tome
81%
18.4 Sarajevo
81%
21.4 Skopje
81%
23.3 Sofia
81%
18.1 Stockholm
81%
24.8 Tallinn
81%
19.8 Tirana
81%
13.2 Tripoli
81%
14.5 Valletta
81%
12.5 Vatican City
81%
16.4 Vienna
81%
25.3 Vilnius
81%
21.0 Warsaw
81%
-5.3 Yamoussoukro
81%
11.5 Yaounde
81%
16.0 Zagreb
81%
18.6 Bangui
76%
26.2 Bloemfontein
76%
15.2 Brazzaville
76%
18.4 Cape Town
76%
25.9 Gaborone
76%
15.3 Kinshasa
76%
13.3 Luanda
76%
27.5 Maseru
76%
15.1 N'Djamena
76%
17.1 Windhoek
76%
28.9 Chisinau
71%
28.2 Pretoria
71%
28.3 Lusaka
67%
30.5 Kiev
57%
32.9 Ankara
52%
31.2 Cairo
52%
29.9 Gitega
52%
31.0 Harare
52%
32.6 Khartoum
52%
30.1 Kigali
52%
34.8 Jerusalem
48%
31.6 Juba
48%
32.6 Kampala
48%
32.6 Maputo
48%
31.1 Mbabane
48%
33.4 Nicosia
48%
54.7 Abu Dhabi
43%
38.8 Addis Ababa
43%
35.9 Amman
43%
58.3 Ashgabat
43%
44.4 Baghdad
43%
49.9 Baku
43%
100.5 Bangkok
43%
116.4 Beijing
43%
35.5 Beirut
43%
36.3 Damascus
43%
90.4 Dhaka
43%
51.5 Doha
43%
105.8 Hanoi
43%
106.8 Jakarta
43%
85.3 Kathmandu
43%
101.7 Kuala Lumpur
43%
48.0 Kuwait City
43%
33.8 Lilongwe
43%
50.6 Manama
43%
58.4 Muscat
43%
77.2 New Delhi
43%
104.9 Phnom Penh
43%
46.9 Riyadh
43%
103.9 Singapore
43%
44.8 Tbilisi
43%
51.4 Tehran
43%
89.6 Thimphu
43%
106.9 Ulaanbaatar
43%
102.6 Vientiane
43%
44.5 Yerevan
43%
47.5 Antananarivo
38%
38.9 Asmara
38%
114.9 Bandar Seri Begawan
38%
74.6 Bishkek
38%
125.6 Dili
38%
43.1 Djibouti
38%
35.8 Dodoma
38%
68.8 Dushanbe
38%
73.1 Islamabad
38%
69.2 Kabul
38%
73.5 Male
38%
121.0 Manila
38%
45.3 Mogadishu
38%
43.2 Moroni
38%
37.6 Moscow
38%
36.8 Nairobi
38%
96.1 Naypyidaw
38%
57.5 Port Louis
38%
125.8 Pyongyang
38%
44.2 Sana'a
38%
127.0 Seoul
38%
121.6 Taipei
38%
69.2 Tashkent
38%
139.7 Tokyo
38%
55.5 Victoria
38%
149.1 Canberra
33%
179.2 Funafuti
33%
160.0 Honiara
33%
171.2 Majuro
33%
134.6 Ngerulmud
33%
71.5 Nur-Sultan
33%
158.2 Palikir
33%
147.2 Port Moresby
33%
168.3 Port Vila
33%
173.0 South Tarawa
33%
79.9 Sri Jayawardenepura Kotte
33%
178.5 Suva
33%
174.8 Wellington
33%
166.9 Yaren
29%
No matching quizzes found
Score Distribution
Percent of People with Each Score
Percentile by Number Answered
Your Score History
You have not taken this quiz since the last reset